000 00917nmm a2200277 a 4500
001 ocm0001520759
003 TR-IsHL
005 20201028163104.0
008 170206s2016 tu tur
007 cr cn
020 _a9786054908202
035 _a1520759
_b(N$T)
050 0 4 _aBP75.5
_b.Y55 2016
090 0 4 _aBP75.5
_b.Y55 2016
100 1 _aYıldırım, Harun
245 1 0 _aKadın şahsiyetler ve hanım sahabiler
_h[electronic resource] /
_cHarun Yıldırım
250 _a5. basım
260 _aİstanbul :
_bMercan Kitap,
_c2016
300 _a361 p.
650 4 _aFelsefe, Psikoloji ve Din
650 4 _aPhilosophy, Psychology and Religion
650 0 _aHz. Muhammed (s.a.v.)
_x Sahabe
650 0 _aMuhammad, Prophet
_x Companions
650 7 _aRELIGION / Islam / History
_2bisacsh
856 4 0 _uhttp://search.ebscohost.com/login.aspx?direct=true&scope=site&db=e011xww&AN=1520759
999 _c15156
_d15156